Central Library OPAC University of Rajshahi

International security yearbook 1984/85 / (Record no. 59802)

MARC details
000 -LEADER
fixed length control field 00705nam a2200241 a 4500
001 - CONTROL NUMBER
control field 59802
003 - CONTROL NUMBER IDENTIFIER
rucl marc code BD-RjUL
005 - DATE AND TIME OF LATEST TRANSACTION
control field 20211209080754.0
008 - FIXED-LENGTH DATA ELEMENTS--GENERAL INFORMATION
fixed length control field 161227s1958 enk||||| |||| 001 0 eng d
020 ## - INTERNATIONAL STANDARD BOOK NUMBER
International Standard Book Number 0813302064
035 ## - SYSTEM CONTROL NUMBER
System control number (BD-RjUL)59926
040 ## - CATALOGING SOURCE
Original cataloging agency BD-RjUL
Language of cataloging eng
Transcribing agency BD-RjUL
Modifying agency BD-RjUL
041 ## - LANGUAGE CODE
Language code of text/sound track or separate title eng
082 ## - DEWEY DECIMAL CLASSIFICATION NUMBER
Edition number 23
Classification number 342.73
Author mark and year INT 1985
245 10 - TITLE STATEMENT
Title International security yearbook 1984/85 /
Statement of responsibility, etc. M Blechman; Edward N Luttwak
260 ## - PUBLICATION, DISTRIBUTION, ETC. (IMPRINT)
Place of publication, distribution, etc. Boulder, CO :
Name of publisher, distributor, etc. Westview Press,
Date of publication, distribution, etc. ©1986
300 ## - PHYSICAL DESCRIPTION
Pagination 260 p. ;
Size 24 cm.
500 ## - GENERAL NOTE
General note Include index
650 ## - SUBJECT ADDED ENTRY--TOPICAL TERM
Topical term or geographic name as entry element World politics -- 20th century.
9 (RLIN) 177970
700 ## - ADDED ENTRY--PERSONAL NAME
Personal name Blechman, M
Personal name Luttwak, Edward N
942 ## - ADDED ENTRY ELEMENTS (KOHA)
Source of classification or shelving scheme Dewey Decimal Classification
Koha item type Books
Holdings
Lost status Source of classification or shelving scheme Damaged status Not for loan Collection code Permanent Location Current Location Shelving location Date acquired Source of acquisition Total Checkouts Full call number Date last seen Copy number Koha item type
  Dewey Decimal Classification     Non-fiction Central Library, University of Rajshahi Central Library, University of Rajshahi   18/01/1988 Asia foundation   342.73 INT 1985 27/12/2016 C-1 Books